| 000 | 01713nam a2200397 c 4500 | ||
|---|---|---|---|
| 003 | BLK | ||
| 005 | 20230426134632.0 | ||
| 008 | 180408b bul|||||r ||||||| ||bul|| | ||
| 010 | _aKNG00064036000 | ||
| 040 | _aBLK | ||
| 041 |
_aBUL _cBUL |
||
| 080 |
_aАвтомобили. Автомобилостроене _b629.113 _x(075.8) _z629.113(075.8) |
||
| 080 |
_aТрактори. Влекачи _b629.114.2 _x(075.8) _z629.114.2(075.8) |
||
| 080 |
_aЕлектрокари. Вж и 621.335.5 _b629.113.65 _x(075.8) _z629.113.65(075.8) |
||
| 100 | 1 |
_aИлиев, Любен Атанасов _eпърви автор _9281624 |
|
| 139 |
_aИлиев, Любен Атанасов _bИ 52 |
||
| 245 | 1 | 0 |
_aЕлектрически уредби на автомобилите, тракторите и карите _bУчебник за студентите от ВТУ А. Кънчев - Русе _cЛюбен Атанасов Илиев. |
| 257 | _aBGR | ||
| 260 |
_аСофия _bТехника _c1984 _fЯмбол : Г. Димитров |
||
| 300 |
_a247 с. _bсъс сх., табл., диагр. _c22 см |
||
| 380 | _a62 | ||
| 500 | _aБиблиогр. с. 243 | ||
| 504 | _a243 | ||
| 650 | 4 |
_aАвтомобили - електрообзавеждане _9255031 |
|
| 650 | 4 |
_aТрактори - учебници за ВУЗ _9281816 |
|
| 650 | 4 |
_aКари - електрообзавеждане _9289392 |
|
| 653 | _aавтомобили | ||
| 653 | _aтрактори | ||
| 653 | _aкари | ||
| 653 | _aелектрообзавеждане | ||
| 852 | _aЦб 127632 | ||
| 856 | 4 |
_qpdf _u |
|
| 856 | 4 |
_qpdf _u |
|
| 942 |
_cKNG _n0 _03 |
||
| 944 |
_aCR _c13.06.2004 _kНаталия_Медовщикова |
||
| 944 |
_aED _c16.06.2016 _kНора_Радева |
||
| 999 |
_c59909 _d59909 |
||